<?xml version="1.0" encoding="UTF-8"?><?xml-stylesheet type="text/xsl" href="static/style.xsl"?><OAI-PMH xmlns="http://www.openarchives.org/OAI/2.0/" xmlns:xsi="http://www.w3.org/2001/XMLSchema-instance" xsi:schemaLocation="http://www.openarchives.org/OAI/2.0/ http://www.openarchives.org/OAI/2.0/OAI-PMH.xsd"><responseDate>2026-04-28T11:35:27Z</responseDate><request verb="GetRecord" identifier="oai:riubu.ubu.es:10259/11383" metadataPrefix="marc">https://riubu.ubu.es/oai/request</request><GetRecord><record><header><identifier>oai:riubu.ubu.es:10259/11383</identifier><datestamp>2026-02-24T01:05:24Z</datestamp><setSpec>com_10259_7065</setSpec><setSpec>com_10259_5086</setSpec><setSpec>com_10259_2604</setSpec><setSpec>col_10259_8460</setSpec></header><metadata><record xmlns="http://www.loc.gov/MARC21/slim" xmlns:doc="http://www.lyncode.com/xoai" xmlns:xsi="http://www.w3.org/2001/XMLSchema-instance" xmlns:dcterms="http://purl.org/dc/terms/" xsi:schemaLocation="http://www.loc.gov/MARC21/slim http://www.loc.gov/standards/marcxml/schema/MARC21slim.xsd">
<leader>00925njm 22002777a 4500</leader>
<datafield tag="042" ind1=" " ind2=" ">
<subfield code="a">dc</subfield>
</datafield>
<datafield tag="720" ind1=" " ind2=" ">
<subfield code="a">Delgado Fernández, Rebeca María</subfield>
<subfield code="e">author</subfield>
</datafield>
<datafield tag="260" ind1=" " ind2=" ">
<subfield code="c">2025</subfield>
</datafield>
<datafield tag="520" ind1=" " ind2=" ">
<subfield code="a">En este capítulo se realiza una primera caracterización de las redes léxico-semánticas en la edad adulta a partir de pruebas de disponibilidad léxica con el objetivo de averiguar si la configuración de estas redes cambia por efecto de la edad. Para ello, se parte de los datos proporcionados por 96 informantes adultos, 48 adultos jóvenes y 48 mayores. Se analiza su desempeño en las pruebas de disponibilidad en&#xd;
tres centros de interés (Alimentos y bebidas, Animales y La ropa) y se crean y examinan las redes léxico-semánticas que muestran a través de la herramienta LexPro, de la cual se extrae información en tres planos: red, comunidades y nodos. Los resultados obtenidos no permiten hablar, en general, de redes menos conectadas, organizadas o eficientes en el grupo de los mayores, pero sí apreciar de manera clara la diferente experiencia del mundo de cada generación, que impacta en la centralidad de los nodos y las comunidades, así como en el alcance de estas últimas.</subfield>
</datafield>
<datafield tag="024" ind2=" " ind1="8">
<subfield code="a">979-13-87745-55-4</subfield>
</datafield>
<datafield tag="024" ind2=" " ind1="8">
<subfield code="a">https://hdl.handle.net/10259/11383</subfield>
</datafield>
<datafield ind1=" " ind2=" " tag="653">
<subfield code="a">Disponibilidad léxica</subfield>
</datafield>
<datafield ind1=" " ind2=" " tag="653">
<subfield code="a">Edad adulta</subfield>
</datafield>
<datafield ind1=" " ind2=" " tag="653">
<subfield code="a">Redes léxico-semánticas</subfield>
</datafield>
<datafield ind1=" " ind2=" " tag="653">
<subfield code="a">Lexicón mental</subfield>
</datafield>
<datafield ind1=" " ind2=" " tag="653">
<subfield code="a">LexPro</subfield>
</datafield>
<datafield tag="245" ind1="0" ind2="0">
<subfield code="a">Redes léxico-semánticas en la edad adulta: hacia una caracterización desde la disponibilidad léxica</subfield>
</datafield>
</record></metadata></record></GetRecord></OAI-PMH>